00916nam a22002657a 45000010005000000030006000050050017000110080041000280200017000690400029000860500015001150820008001301000016001382450061001542600042002153000048002574900022003055050008003275200155003355210029004905210020005196500033005396500039005727000039006118058FISKH20250820091139.0250820b cb ||||| |||| 00| 0 eng d a040296010529 aFISKHbengcFISKHdFISKH aGV705 .B67 a796 aBowman, Amy aSince when is catching flies a sport ? /cBy Amy Bowman aNew York : bKidsbooks, Inc. ,c2001. a29 pages : bcolor illustrations ,c26 cm . aA sports Q&A book aK  aQuestions and answers about sports provide a variety of facts, including the definitions of phrases such as "frozen rope," "Big Mac," and "hat trick."8 a510 bLexile estimate 8 aK bRaz-Plus  aAthletic sportsvNon-fiction aQuestions and answersvNon-fiction aThompson, Justin RayeIllustrator